000 01630nam a2200265Ia 4500
001 15747
003 GE_BSU
008 181216s||||||||xx |||||||||||||| ||und||
020 _aISBN 978-9941-9367-7-7
040 _cGE_BSU
080 _a581.9(479.22)
100 _aჩანტლაძე,იზა,ნაკანი,ნინო
245 _aსვანეთის ფლორა = The flora of Svaneti
245 _b(ინტერდისციპლინურ-ეტიმოლოგიური კვლევა ქართველურ ენათა მასალების მიხედვით)I
245 _cრედ.: ნინო მინდაძე [და სხვ.]
250 _aწიგნი დაიბეჭდა ეროვნული კულტურის სკოლა "კაი ყმის" ფინანსური მხარდაჭერით. -
260 _aთბილისი
260 _bსვეტი+
260 _c2014.
300 _a258გვ;26სმ.
300 _bწინასიტყვ. ქართ. და ინგლ.. - საძიებელი: გვ. 243-257. - ბიბლიოგრ.: გვ227-242.
520 _aწიგნში აგრეთვე: მღვდელ არსენ ონიანის წიგნის "ხეებისა და ბალახების სახელთა კრებულის" ზოგი მასალის ეტიმოლოგიური ანალიზი.
653 _aსვანეთის ფლორა
942 _cBK
999 _c48845
_d48845